Nova Jérsia - Statistics

Estatísticas Gerais
  • Esse quiz foi jogado 5 vezes
  • A pontuação média é 3 de 15
Estatísticas das Respostas
Imagem Resposta % Correto
Albert Einstein
80%
Frank Sinatra
60%
Ashley Tisdale
40%
Bruce Springsteen
40%
Jonas Brothers
40%
Whitney Houston
40%
Jon Bon Jovi
20%
Trenton
20%
Adventure Aquarium
0%
Grounds For Sculpture
0%
Hard Rock Hotel & Casino Atlantic City
0%
Liberty Science Center
0%
Newark
0%
Six Flags Great Adventure
0%
The Newark Museum of Art
0%
Nenhum quiz correspondente encontrado
Distribuição das Pontuações
Porcentagem de Pessoas com Cada Pontuação
Percentil de Números Respondidos
Sua Pontuação Histórica
Você não jogou esse quiz